El aborto ante la conciencia y la ley.
Wedi'i Gadw mewn:
| Prif Awdur: | |
|---|---|
| Fformat: | Llyfr |
| Iaith: | Sbaeneg |
| Cyhoeddwyd: |
Madrid, España
PPC
1983
|
| Rhifyn: | Segunda edición |
| Cyfres: | Colección Vida y Amor.
8 |
| Pynciau: | |
| Tagiau: |
Ychwanegu Tag
Dim Tagiau, Byddwch y cyntaf i dagio'r cofnod hwn!
|
MARC
| LEADER | 00000nam a2200000 a 4500 | ||
|---|---|---|---|
| 001 | UCZ8140 | ||
| 003 | CL-VaPUC | ||
| 005 | 20220319074508.0 | ||
| 008 | 960112e19830000SP |||||||||||||||||spa|d | ||
| 999 | |c 244095 |d 244093 | ||
| 040 | |c Pontificia Universidad Católica de Valparaíso | ||
| 082 | 0 | 4 | |a 179.76 GAF 1983 |2 21 |
| 100 | |a Gafo Fernández, Javier |9 480650 | ||
| 245 | 1 | 3 | |a El aborto ante la conciencia y la ley. |
| 250 | |a Segunda edición | ||
| 260 | 0 | 3 | |a Madrid, España |b PPC |c 1983 |
| 300 | |a 156 páginas. | ||
| 490 | 0 | |a Colección Vida y Amor. |v 8 | |
| 583 | |a last modification |c 19960112 00:00:00 |k Rodrigo Vera | ||
| 650 | 0 | |a Aborto |9 256680 | |
| 650 | 7 | |a PLANIFICACION FAMILIAR |2 CL-VaPUC |9 309893 | |
| 650 | 0 | |a Ética |9 255099 | |
| 650 | 0 | |a Comportamiento moral |9 334569 | |
| 650 | 7 | |a LEGISLACION |2 CL-VaPUC |9 353310 | |
| 650 | 0 | |a Derecho a la vida |9 337220 | |
| 650 | 0 | |a Conciencia |9 309452 | |
| 942 | |c BK |2 ddc | ||
| 945 | |d 19960112 00:00:00 |a lriquelm | ||
| 952 | |0 0 |1 0 |2 ddc |4 0 |6 179_760000000000000_GAF_1983 |7 0 |8 A |9 258030 |a BIBEDU |b BIBEDU |d 2019-11-19 |i 1614371 |o 179.76 GAF 1983 |p 1614371 |r 2019-11-19 |t 1 |w 2019-11-19 |y BK |k EDU | ||